| 000 | 00339nam a2200109Ia 4500 | ||
|---|---|---|---|
| 008 | 171204s9999 xx 000 0 und d | ||
| 245 | _a2017 Photographer's Market: How and Where to Sell Your Photography: | ||
| 245 | _cNoel Rivera | ||
| 260 | _c2016 | ||
| 650 | _xDIGITAL PHOTOGRAPHY | ||
| 856 | _uhttp://down.ebook777.com/029/1440346585.pdf | ||
| 999 |
_c346045 _d346045 |
||